Rainfall Thresholds and Other Approaches for Landslide Prediction and Early Warning (Record no. 11208)
[ view plain ]
| 000 -LEADER | |
|---|---|
| fixed length control field | 01135nam a2200133Ia 4500 |
| 008 - FIXED-LENGTH DATA ELEMENTS--GENERAL INFORMATION | |
| fixed length control field | 220615s9999||||xx |||||||||||||| ||und|| |
| 020 ## - INTERNATIONAL STANDARD BOOK NUMBER | |
| International Standard Book Number | 9783040000000 |
| 245 #0 - TITLE STATEMENT | |
| Title | Rainfall Thresholds and Other Approaches for Landslide Prediction and Early Warning |
| 546 ## - LANGUAGE NOTE | |
| Language note | English[eng] |
| 650 ## - SUBJECT ADDED ENTRY--TOPICAL TERM | |
| Topical term or geographic name entry element | loess landslide||DAN-W||numerical simulation||dynamic analysis||rainfall thresholds||Bhutan||shallow landslides||landslides||Idukki||early warning system||landslide hazard||antecedent rainfall threshold||landslide susceptibility||satellite-derived rainfall||TRMM Multisatellite Precipitation Analysis 3B42 (TMPA)||tropical Africa||rainfall||thresholds||physicallybased model||hydrological monitoring||soil water index||large-scale landslide||SWI–D threshold||shallow landslide||temporal probability||landslide and debris flow||China||quantile regression||Wayanad||early warning||GIS||rainfall intensity||optimization||rainfall thresholds calculation||mean annual rainfall||lithology||Slovenia||n/a |
| 700 ## - ADDED ENTRY--PERSONAL NAME | |
| Personal name | Segoni, Samuele||Gariano, Stefano Luigi||Rosi, Ascanio |
| 856 ## - ELECTRONIC LOCATION AND ACCESS | |
| Uniform Resource Identifier | <a href="https://mdpi.com/books/pdfview/book/3903">https://mdpi.com/books/pdfview/book/3903</a> |
| 942 ## - ADDED ENTRY ELEMENTS (KOHA) | |
| Koha item type | E-Books |
| Withdrawn status | Lost status | Damaged status | Not for loan | Home library | Current library | Date acquired | Total Checkouts | Date last seen | Price effective from | Koha item type |
|---|---|---|---|---|---|---|---|---|---|---|
| Kerala University of Digital Sciences, Innovation and Technology Knowledge Centre | Kerala University of Digital Sciences, Innovation and Technology Knowledge Centre | 15/06/2022 | 15/06/2022 | 15/06/2022 | E-Books |